| 000 | 00560nam a2200193Ia 4500 | ||
|---|---|---|---|
| 003 | LK-CoDNM | ||
| 005 | 20241127095243.0 | ||
| 008 | 010623t1983 xxu||||| |||| 00| 1 sin d | ||
| 040 |
_aLK-CoDNM _dLK-CoDNM _eLK-CoDNM |
||
| 041 | _asin | ||
| 080 | _a294.3(076)(1) | ||
| 100 | _aයූ.ඩී.ජයසේකර | ||
| 245 | _aලෝ වැඩ සඟරා දහම් දැනුම තරඟය | ||
| 246 | _aLoovedasagara Daham Denuma Tharagaya | ||
| 260 |
_bSrideevi _aDehiwala _c1983 |
||
| 300 | _b48p. : 21 cm | ||
| 650 | _aBuddhism | ||
| 942 | _cBK | ||
| 999 |
_c112313 _d112313 |
||